Nomi dei calciatori - Quiz n°40 - Statistics

Statistiche generali
  • Questo quiz è stato fatto 44 volte
  • Il punteggio medio è 8 su 10
Statistiche sulle risposte
Hint Risposta % Corretto
Morata Álvaro
98%
Balotelli Mario
98%
Pašalić Mario
95%
Saelemaekers Alexis
85%
Deulofeu Gerard
83%
Guarin Fredy
80%
Otamendi Nicolás
80%
Schürrle André
75%
Mustafi Shkodran
65%
Akanji Manuel
58%
Nessun quiz corrispondente trovato
Distribuzione punteggi
Percentuale di utenti per punteggio
Percentile per numero di risposta
I tuoi punteggi nel tempo
Non hai fatto questo quiz